Bayānāt al-Raʼīs Jamāl ʻAbd al-Nāṣir ʻan al-tamarrud. (Record no. 46789)
[ view plain ]
| 000 -LEADER | |
|---|---|
| fixed length control field | 00673cam a22002411 4500 |
| 001 - CONTROL NUMBER | |
| control field | ne 64000644 |
| 003 - CONTROL NUMBER IDENTIFIER | |
| control field | DLC |
| 005 - DATE AND TIME OF LATEST TRANSACTION | |
| control field | 20260227111756.0 |
| 008 - FIXED-LENGTH DATA ELEMENTS--GENERAL INFORMATION | |
| fixed length control field | 890619s1961 xx 000 0 arar |
| 010 ## - LIBRARY OF CONGRESS CONTROL NUMBER | |
| LC control number | ne 64000644 |
| 035 ## - SYSTEM CONTROL NUMBER | |
| System control number | (OCoLC)23484390 |
| 040 ## - CATALOGING SOURCE | |
| Original cataloging agency | DLC |
| Transcribing agency | MiU |
| Modifying agency | DLC |
| 042 ## - AUTHENTICATION CODE | |
| Authentication code | premarc |
| 043 ## - GEOGRAPHIC AREA CODE | |
| Geographic area code | a-sy--- |
| -- | f-ua--- |
| 050 00 - LIBRARY OF CONGRESS CALL NUMBER | |
| Classification number | DT82.5.S9 |
| Item number | N35 |
| 100 1# - MAIN ENTRY--PERSONAL NAME | |
| Personal name | Nasser, Gamal Abdel, |
| Dates associated with a name | 1918-1970. |
| 245 10 - TITLE STATEMENT | |
| Title | Bayānāt al-Raʼīs Jamāl ʻAbd al-Nāṣir ʻan al-tamarrud. |
| 260 ## - PUBLICATION, DISTRIBUTION, ETC. | |
| Place of publication, distribution, etc. | [n. p.] |
| Date of publication, distribution, etc. | [1961] |
| 300 ## - PHYSICAL DESCRIPTION | |
| Extent | 54 p. |
| Dimensions | 20 cm. |
| 500 ## - GENERAL NOTE | |
| General note | Romanized. |
| 651 #0 - SUBJECT ADDED ENTRY--GEOGRAPHIC NAME | |
| Geographic name | Egypt |
| General subdivision | Foreign relations |
| Geographic subdivision | Syria. |
| 651 #0 - SUBJECT ADDED ENTRY--GEOGRAPHIC NAME | |
| Geographic name | Syria |
| General subdivision | Foreign relations |
| Geographic subdivision | Egypt. |
No items available.